000 00400 a2200121 4500
020 _a818561816X
082 _a005.13 PRE
100 _aPress, W. H...[et al]
245 _aNumerical recipes in C : the art of scientific computing
_cW. H. Press...[et al]
250 _a2nd ed.
260 _aNew Delhi :
_bCambridge University Press India,
_c2007
300 _axxvi, 994p. :
_bill., ;
_c24 cm.
650 _aC (computer program language)
999 _c134
_d134